| 000 | 00417cam a22001331 4500 | ||
|---|---|---|---|
| 082 |
_a355.02 _bMAR _cL-30,P-62 |
||
| 100 | 1 |
_aWavell, Archibald Percival Wavell, _948761 |
|
| 245 | 1 | 0 |
_aSoldiers and soldiering; _bor Epithets of war. [Essays] |
| 260 |
_aLondon, _bCape _c[1953] |
||
| 300 |
_a174 p. _c20 cm. |
||
| 526 |
_a0 _b0 _c0 _d355_040000000000000_MAR |
||
| 650 | 0 |
_aMilitary art and science. _937914 |
|
| 942 |
_2ddc _cBK |
||
| 999 |
_c551613 _d551613 |
||